Defensas fluviales por medio de los encofrados y enfaginados metálicos sistema Palvis (patentado) / A. Bianchini y Cª., Ingenieros, Sociedad Anónima
Descripción Física:
135 p. : principalment il. ; 13'5 x 21 cm
MARC
| LEADER | 00000nam a2200000Ia 4500 | ||
|---|---|---|---|
| 001 | 12358 | ||
| 008 | 160829s9999 xx 000 0 cat d | ||
| 080 | |a C-2-106 | ||
| 100 | |a Bianchini, A. |9 42539 | ||
| 245 | |a Defensas fluviales por medio de los encofrados y enfaginados metálicos sistema Palvis (patentado) / A. Bianchini y Cª., Ingenieros, Sociedad Anónima | ||
| 260 | |a Barcelona : |b (Oliva, impresor), [1913] | ||
| 300 | |a 135 p. : |b principalment il. ; |c 13'5 x 21 cm | ||
| 590 | |a És un fulletó publicitari d'aquesta empresa d'enginyeria. | ||
| 590 | |a Prové de OP-3608 | ||
| 650 | |a Rius |x Regulació |9 42540 | ||
| 650 | |a Enginyeria fluvial |9 42541 | ||
| 901 | |a Arxiu | ||
| 942 | |n 1 | ||
| 952 | |0 0 |1 0 |4 0 |6 C2106 |7 1 |9 50892 |a Arxiu |b Arxiu |d 2016-12-01 |l 0 |o C-2-106 |p 12358 |r 2016-12-01 00:00:00 |w 2016-12-01 |y ARXIU | ||
| 999 | |c 54734 |d 54734 | ||